Capitales de Europa - Estadísticas

Estadísticas generales
  • Esta prueba ha sido intentada 64 veces
    44 desde el último reinicio
  • La puntuación promedio es 35 de 54
Estadísticas de respuestas
País/Territorio Ciudad Capital % Correcto
Portugal Lisboa
92%
Alemania Berlín
88%
Hungría Budapest
88%
Ucrania Kiev
88%
Rusia Moscú
88%
San Marino San Marino
88%
Países Bajos Ámsterdam
83%
Inglaterra Londres
83%
Mónaco Mónaco
83%
Islandia Reikiavik
83%
Grecia Atenas
79%
Bélgica Bruselas
79%
Ciudad del Vaticano Ciudad del Vaticano
79%
Finlandia Helsinki
79%
Reino Unido Londres
79%
Luxemburgo Luxemburgo
79%
España Madrid
79%
Francia París
79%
República Checa Praga
79%
Italia Roma
79%
Bulgaria Sofía
79%
Croacia Zagreb
79%
Dinamarca Copenhague
75%
Irlanda Dublin
75%
Suecia Estocolmo
75%
Malta La Valeta
75%
Noruega Oslo
75%
Polonia Varsovia
75%
Austria Viena
75%
Andorra Andorra La Vieja
71%
Suiza Berna
71%
Bielorrusia Minsk
71%
Rumania Bucarest
67%
Kosovo Pristina
67%
Bosnia y Herzegovina Sarajevo
67%
Estonia Tallin
67%
Albania Tirana
67%
Moldavia Chisinau
63%
Eslovenia Liubliana
63%
Lituania Vilna
63%
Eslovaquia Bratislava
58%
Montenegro Podgorica
58%
Letonia Riga
58%
Macedonia del Norte Skopie
58%
Liechtenstein Vaduz
54%
Serbia Belgrado
50%
Gales Cardiff
29%
Escocia Edimburgo
29%
Irlanda del Norte Belfast
21%
Isla de Man Douglas
8%
Provincia Autónoma de Aland Mariehamn
8%
Jersey Saint Helier
8%
Bailía de Guernsey Saint Peter Port
8%
Islas Feroe Tórshavn
8%
No se encontraron pruebas coincidentes
Distribución de puntuación
Porcentaje de gente con cada puntuación
Porcentaje por número respondido
Historial de tus puntuaciones
No has intentado esta prueba desde el último reinicio